| 000 | 01138nam a2200229Ia 4500 | ||
|---|---|---|---|
| 003 | Ost | ||
| 005 | 20260507075612.0 | ||
| 008 | 260507s9999||||xx |||||||||||||| ||und|| | ||
| 020 | _a97754330X | ||
| 040 | _cfsecg | ||
| 041 | _aara | ||
| 082 | _a336.243 | ||
| 100 |
_aعبد الغني، يحيى _eمؤلف |
||
| 245 | 0 |
_aإحلال ضريبة المبيعات والتجارة الخارجية : _bالأثر في ظل اتفاقات التجارة العالمية / _c يحيى عبد الغني |
|
| 260 |
_aالاسكندرية: _bمركز دلتا للطباعة, _c1998 |
||
| 300 |
_a103 صفحة؛ _bإيضاحات ؛ _c19 سم |
||
| 504 | _aالمراجع ص.97 الملاحق ص.91 | ||
| 520 | _aمفهوم الضريبة على القيمة المضافة ومضمونها، ملامح الضريبة العامة على المبيعات وتطورها في مصر خلال التسعينيات، الآثار المحتملة لاحلال ضريبة القيمة المضافة على وضع التجارة الدولية | ||
| 653 | _aالتجارة الدولية | ||
| 653 | _aالضرائب | ||
| 942 | _cكتاب | ||
| 999 |
_c45077 _d45077 |
||